[Event "Mitropa Online Cup Open 2021"]
[Site "Hybrid"]
[Date "2021.05.04"]
[Round "3.3"]
[White "Babula, Vlastimil"]
[Black "Basso, Pier Luigi"]
[Result "1/2-1/2"]
[WhiteElo "2559"]
[BlackElo "2552"]
[Annotator "TA"]
[PlyCount "59"]
[EventDate "2021.05.04"]
[EventType "team-tourn"]
[EventCountry "NET"]
[SourceTitle "playchess.com"]
[Source "ChessBase"]
[SourceQuality "1"]
[WhiteTeam "Czech Republic"]
[BlackTeam "Italy"]
[WhiteTeamCountry "CZE"]
[BlackTeamCountry "ITA"]

{[%evp 12,59,20,10,9,4,19,10,30,14,23,22,0,0,7,25,39,48,53,41,50,47,50,38,58,58,55,55,42,49,49,47,68,56,58,7,10,4,6,6,15,14,12,14,16,0,14,0,12,0]} 1. d4 d5 2. c4 c6 3. Nf3 Nf6 4. Nc3 e6 5. e3 Nbd7 6. Qc2 b6 7. b3 $1 {[%mdl 4] is now more promising than 7.Bd3.} Bb7 {D45: Semi-Slav: 5 e3.} 8. Bb2 Rc8 9. Rd1 Be7 10. Bd3 c5 11. O-O cxd4 12. Nxd4 {[#]} a6 $146 ({Predecessor:} 12... Qc7 13. Qe2 O-O 14. Ndb5 Qb8 15. cxd5 Nxd5 16. Nxd5 Bxd5 17. e4 Bc6 18. e5 Bxb5 19. Bxb5 {1-0 (48) Ward,C (2423)-Flear,G (2450) Coventry 2015}) 13. a4 Qc7 14. Qe2 dxc4 15. Bxc4 Nc5 16. Rc1 Qb8 17. b4 Ncd7 18. Bxa6 Bxb4 19. Bxb7 Qxb7 20. Qb5 Bxc3 21. Rxc3 Rxc3 22. Bxc3 {[#] Black must now prevent Bb4.} O-O $1 23. a5 (23. Nc6 $14) 23... Ra8 $11 {The position is equal.} 24. Rb1 Qc7 25. Nc6 {next Bxf6 is good for White.} bxa5 26. Bxa5 Qd6 27. Bb4 Qc7 28. Ba5 Qd6 29. Bb4 Qc7 30. Ba5 {Weighted Error Value: White=0.08/Black=0.03} 1/2-1/2

[Event "Mitropa Online Cup Open 2021"]
[Site "Hybrid"]
[Date "2021.05.04"]
[Round "3.3"]
[White "Moroni, Luca Jr"]
[Black "Nguyen, Thai Dai Van"]
[Result "1/2-1/2"]
[WhiteElo "2557"]
[BlackElo "2577"]
[Annotator "TA"]
[PlyCount "81"]
[EventDate "2021.05.04"]
[EventType "team-tourn"]
[EventCountry "NET"]
[SourceTitle "playchess.com"]
[Source "ChessBase"]
[SourceQuality "1"]
[WhiteTeam "Italy"]
[BlackTeam "Czech Republic"]
[WhiteTeamCountry "ITA"]
[BlackTeamCountry "CZE"]

{[%evp 17,81,8,10,-4,12,0,2,0,16,9,20,-8,0,0,7,0,0,-7,0,0,0,0,0,0,0,0,19,14,20,16,24,20,32,20,21,0,0,0,0,0,0,0,0,-8,0,-8,0,0,0,0,0,0,0,-25,0,-25,0,-25,0,0,0,-26,0,0,0,-18]} 1. c4 c5 2. Nf3 Nf6 3. d4 cxd4 4. Nxd4 Nc6 5. Nc3 e6 6. e4 Bb4 7. Nxc6 bxc6 8. Bd3 e5 9. O-O O-O 10. h3 {10.Qe2 is the modern continuation. B44: Sicilian: Taimanov: 5 Nb5.} Bc5 11. Re1 d6 12. Be3 {[#]} Be6 $146 ({Predecessor:} 12... Bxe3 13. Rxe3 Be6 14. Be2 Qc7 15. Qd2 Rfd8 16. Rd1 Rd7 17. Rg3 Qd8 18. b3 Kh8 {1-0 (70) Artemiev,V (2716)-Parligras,M (2595) Chess.com INT 2020}) 13. Qd2 Qe7 14. a3 a5 15. Na4 Bxe3 16. Qxe3 c5 17. Rad1 Rfd8 18. Bf1 Bd7 19. Nc3 Bc6 20. Rd2 Ne8 21. Nb5 Nc7 22. Red1 {[%cal Rb5d6]} Ne6 23. Rxd6 Rxd6 24. Nxd6 Nd4 25. Nb5 a4 26. Nxd4 (26. Rd2 {keeps more tension.} Rb8 27. f3 f6 28. Qe1 h6 29. Qd1) 26... cxd4 27. Qd2 Rb8 ({Much worse is} 27... Bxe4 28. Re1 $16) 28. Bd3 h6 29. Re1 Rb3 30. Re2 Qc5 31. Kh2 Bd7 32. Re1 Qb6 33. Rb1 Bc6 34. Qc2 Qc5 35. Rc1 Bd7 36. Qd2 Bc6 37. Kg1 Bd7 38. Qc2 Bc6 39. Qd2 Be8 (39... f5 $5) 40. Be2 Bc6 41. Bd3 {A rather calm draw.  Weighted Error Value: White=0.07/Black=0.06} 1/2-1/2

[Event "Mitropa Online Cup Open 2021"]
[Site "Hybrid"]
[Date "2021.05.04"]
[Round "3.3"]
[White "Kriebel, Tadeas"]
[Black "Lodici, Lorenzo"]
[Result "1/2-1/2"]
[WhiteElo "2527"]
[BlackElo "2483"]
[Annotator "TA"]
[PlyCount "142"]
[EventDate "2021.05.04"]
[EventType "team-tourn"]
[EventCountry "NET"]
[SourceTitle "playchess.com"]
[Source "ChessBase"]
[SourceQuality "1"]
[WhiteTeam "Czech Republic"]
[BlackTeam "Italy"]
[WhiteTeamCountry "CZE"]
[BlackTeamCountry "ITA"]

{[%evp 14,142,39,34,24,30,31,25,26,8,37,27,71,51,67,69,84,85,70,66,78,64,112,84,111,108,101,97,106,106,118,61,66,60,96,22,33,-17,-16,-34,-35,-35,-34,-40,-36,-39,-26,-21,-25,-46,-37,-47,0,-4,-15,-52,-56,-82,0,0,0,0,0,-8,0,0,0,-30,-27,-27,-27,-31,-23,-25,-43,-30,-30,-27,-31,-26,-31,-45,-45,-46,-46,-46,0,0,0,0,0,0,0,0,0,0,0,0,0,0,8,0,0,0,0,0,0,0,0,0,0,0,0,0,0,0,0,0,0,0,0,0,0,0,0,0,8,8,8,8,8]} 1. e4 e5 2. Nf3 Nc6 3. Bb5 a6 4. Ba4 Nf6 5. O-O b5 6. Bb3 Bb7 7. d3 Be7 8. c4 O-O {C84: Closed Ruy Lopez: Unusual White 6th moves.} 9. Nc3 bxc4 10. Bxc4 Bc5 {[#] White has an edge.} 11. Nd5 $146 ({Predecessor:} 11. a3 d6 12. b4 Bb6 13. Nd5 Nxd5 14. Bxd5 Qb8 15. Be3 Ne7 16. Ba2 Bc6 17. Rb1 Bxe3 18. fxe3 {1-0 (51) Kazantsev,R (2406)-Stushkin,I (2410) ICCF email 2014}) 11... h6 12. Be3 Ba7 13. b4 d6 14. Rc1 {Threatens to win with Nxf6+.} Nb8 15. Nxf6+ Qxf6 16. Bb3 Rc8 17. Nd2 a5 18. bxa5 Na6 19. Bc4 {Hoping for Qb3.} c6 20. Rb1 Qe7 21. Qb3 Rc7 22. Bxa7 (22. Bb6 $16 Rd7 23. Bxa6 Bxa6 24. Rfc1) 22... Rxa7 $14 23. Qb6 Ra8 24. Rfc1 (24. Nb3 $16) 24... Bc8 $11 25. Nb3 c5 $1 26. Nd2 {[#]} Rb7 $1 {[%mdl 1024] Black has compensation.} 27. Qc6 Nb4 28. Qa4 Rba7 29. Nb3 Bd7 30. Qa3 Be6 31. Qa4 Kh7 32. Rc3 Qc7 33. Bxe6 fxe6 34. f4 exf4 35. d4 {[%cal Rd4c5] [#]} Nc6 ({Black should play} 35... Rb8 $1 $17) 36. e5 Nxa5 37. exd6 Qxd6 {And now ...c4 would win.} 38. dxc5 Qe5 39. Qd4 Qf5 40. Re1 Nc6 41. Qd6 {[#]} Qf6 $1 42. Rf3 e5 43. Qxf6 gxf6 44. g3 $1 Rxa2 45. gxf4 Rg8+ 46. Rg3 Rb2 47. Rxg8 Kxg8 $15 {[%mdl 4096] Endgame KRN-KRN} 48. Nc1 Nd4 {Strongly threatening ...Nf3+.} 49. Kf1 $1 Nf3 50. Re2 {The position is equal.} Rb1 51. Rc2 Nd4 52. Rc3 Nb5 53. Rc4 Kf7 (53... Na3 $5 54. Rc3 $8 Nb5 $11) 54. fxe5 fxe5 55. c6 {aiming for c7.} Nc7 56. Kf2 Ke6 57. Ne2 Kf6 58. Nc3 Rb2+ 59. Ne2 Kf5 60. Kf3 Rb3+ 61. Kf2 Kf6 62. Rh4 Kg5 63. Re4 Rb5 (63... Kf6 {is interesting.} 64. Rh4) 64. Rc4 Kf6 65. Rh4 Kg6 66. Rg4+ Kf5 67. Rh4 (67. Rg7 {feels hotter.} Nd5 68. Ng3+ Kf4 69. Rf7+ Kg4 70. Rd7) 67... Kg5 68. Rc4 Rb6 69. Kf3 Kf5 70. Ng3+ Ke6 71. Rh4 Rxc6 {Weighted Error Value: White=0.09/Black=0.10} 1/2-1/2

[Event "Mitropa Online Cup Open 2021"]
[Site "Hybrid"]
[Date "2021.05.04"]
[Round "3.3"]
[White "Sonis, Francesco"]
[Black "Krejci, Jan"]
[Result "1/2-1/2"]
[WhiteElo "2493"]
[BlackElo "2540"]
[Annotator "TA"]
[PlyCount "172"]
[EventDate "2021.05.04"]
[EventType "team-tourn"]
[EventCountry "NET"]
[SourceTitle "playchess.com"]
[Source "ChessBase"]
[SourceQuality "1"]
[WhiteTeam "Italy"]
[BlackTeam "Czech Republic"]
[WhiteTeamCountry "ITA"]
[BlackTeamCountry "CZE"]

{[%evp 13,172,8,8,9,33,14,18,10,23,21,21,3,0,0,5,0,0,0,9,-24,-11,-57,0,0,0,-16,-14,-14,-14,-45,-46,-40,-38,-60,-54,-60,-55,-51,-19,-28,0,-56,-58,-63,-55,-60,-37,-37,-38,-38,-38,-56,-8,-8,-11,-25,-15,-80,-79,-81,-46,-78,0,0,0,0,0,-91,-93,-93,-93,-93,-93,-93,-93,-92,-64,-84,-8,-121,-118,-110,-92,-93,-93,-94,-45,-217,-133,-133,-133,-133,-133,-133,-133,-134,-134,-134,-134,-1468,-1468,-1479,-1461,-1441,0,-1404,-329,-338,-67,-94,-67,-67,-68,-1423,-1394,-1342,-1291,-1249,0,-8,0,-1244,-1214,-1207,-1207,-1207,-1170,-1181,-75,-75,-67,-75,-86,-507,-443,-29950,-29952,-29984,-8,-8,-8,-8,-8,-8,-8,-8,-8,-8,-8,-8,-8,-8,-8,-8,-8,-8,-8,-8,0,0,0]} 1. d4 d5 2. c4 e6 3. Nf3 Nf6 4. g3 Bb4+ 5. Bd2 Be7 6. Bg2 O-O 7. O-O Nbd7 8. Qc2 {E11: Bogo-Indian.} Ne4 9. Bc1 c6 10. b3 b6 {[#]} 11. Ne5 $146 (11. Nfd2 {keeps more tension.} Nd6 12. Bb2 f5 13. e3 Ba6 14. Nc3) ({Predecessor:} 11. Nc3 f5 12. Nxe4 fxe4 13. Ne1 Bb7 14. f3 Bf6 15. Bb2 exf3 16. Bxf3 Rc8 17. e4 {0-1 (44) Chitlange,S (2167)-Sardana,R (2461) Chess.com INT 2020}) 11... Nxe5 12. dxe5 Nc5 13. Bb2 a5 14. Rd1 Qc7 15. Nd2 Bb7 16. e4 Rad8 17. Rac1 h6 (17... d4 $15) 18. cxd5 cxd5 19. a3 Qb8 20. exd5 Bxd5 21. Bxd5 Rxd5 22. Nc4 Rfd8 23. Ne3 Rxd1+ 24. Rxd1 Rxd1+ 25. Qxd1 Qb7 26. Nc4 Qe4 27. f3 (27. Nd6 $11 Bxd6 28. exd6) 27... Qc6 $1 $15 28. Kg2 Qb5 29. Qc2 $1 Bd8 30. a4 Qxb3 31. Qxb3 Nxb3 {[%mdl 4096] Endgame KBN-KBN} 32. Ba3 f6 33. exf6 gxf6 34. Kf2 e5 35. f4 (35. g4 $11) 35... exf4 $17 36. gxf4 Bc7 37. Ke3 Kf7 ({Black should play} 37... Kg7 $17) 38. Bd6 $1 $11 {[%cal Rd6c7]} Bd8 39. f5 Ke8 40. Kd3 (40. Ke4 $11) 40... Kd7 $1 $17 41. Kc3 Nc5 42. Bxc5 bxc5 {KB-KN} 43. Kd3 Kc6 44. Ke4 Bc7 45. h3 $1 h5 (45... Bd8 $1 $17) 46. Na3 (46. Ne3 $11) 46... Bb6 $1 47. Nc4 Bd8 $1 48. Na3 c4 $1 49. Nxc4 Kc5 $1 {[%cal Rc5c4]} 50. Nb2 (50. Nd2 $1 $15) 50... Kb4 51. Kd5 Kb3 52. Nd3 Kxa4 53. Kc4 Ka3 $1 54. Kc3 {intending Nf4.} Bc7 55. Nc5 Bd6 56. Nd3 {[%mdl 8192]} (56. Nd7 $17) 56... h4 $19 57. Kc4 Be7 58. Kc3 Bd6 59. Kc4 Bc7 $2 (59... a4 60. Kc3 Bb8) 60. Kc3 Ka2 $2 (60... a4 $19 61. Kc4 Bd6) 61. Kc2 $1 $15 a4 62. Nc5 Ka3 $1 {...Bb6 is the strong threat.} 63. Nd3 $2 {[%mdl 8192]} (63. Nd7 $15 Bd8 64. Nf8) 63... Ba5 $19 64. Nf4 Bb6 $1 {[%cal Rb6d4]} 65. Kc3 Ba5+ $2 (65... Bf2 $19 {Black wants to play ...Be1+.} 66. Nd3 Be3) 66. Kc2 $1 $11 Bc7 $2 {[%mdl 8192]} (66... Kb4 $11 67. Nd5+ Kc4 68. Nxf6 Be1) 67. Nd3 $1 $19 Bb6 68. Kc3 Be3 69. Ne1 Ka2 $1 70. Kc2 {[#]} Bf2 $2 (70... Bd4 $1 $19 {[%cal Rd4g1] is more deadly.} 71. Ng2 Bf2) 71. Nd3 $17 Bd4 (71... Ba7 {seems wilder.} 72. Nb4+ Ka3 73. Nc6 Bc5 74. Kc3 Bd6) 72. Nb4+ Ka3 73. Nd3 $2 {[%mdl 8192] [#]} (73. Nc6 $17 {was the crucial defense.} Bc5 74. Kc3) 73... Ba1 $1 $19 74. Ne1 (74. Nf4 $19 Kb4 75. Kb1) 74... Kb4 75. Nf3 a3 $2 (75... Bc3 {mates} 76. Nxh4 a3 77. Nf3 a2 78. Kd3 a1=Q 79. Ke4 Qh1 80. h4 Be5 81. h5 Qxh5 82. Nxe5 Qe2+ 83. Kf4 Qxe5+ 84. Kf3 Kc3 85. Kg4 Qe3 86. Kh4 Qg5+ 87. Kh3 Qg1 88. Kh4 Qg2 89. Kh5 Qg5#) 76. Kb1 $11 {The position is equal.} Bb2 {Threatens to win with ...Kc4.} (76... Bc3 $5 77. Ka2 $8 Kc4 78. Kxa3 Kd5 $11) 77. Ka2 Kc5 {aiming for ...Kd5.} 78. Nxh4 Kd5 {Strongly threatening ...Ke4.} 79. Ng6 $1 Ke4 80. Ne7 Kf4 81. Kb3 Kg3 82. Nd5 Kxh3 83. Nxf6 Bxf6 84. Kxa3 Kg4 85. Kb3 Bc3 86. Kxc3 {Threatening mate with f6.} Kxf5 {Black had all chances to win.  Weighted Error Value: White=0.34/Black=0.36} 1/2-1/2

[Event "Mitropa Online Cup Open 2021"]
[Site "Hybrid"]
[Date "2021.05.04"]
[Round "3.4"]
[White "Lagarde, Maxime"]
[Black "Pechac, Jergus"]
[Result "0-1"]
[WhiteElo "2638"]
[BlackElo "2519"]
[Annotator "TA"]
[PlyCount "68"]
[EventDate "2021.05.04"]
[EventType "team-tourn"]
[EventCountry "NET"]
[SourceTitle "playchess.com"]
[Source "ChessBase"]
[SourceQuality "1"]
[WhiteTeam "France"]
[BlackTeam "Slovakia"]
[WhiteTeamCountry "FRA"]
[BlackTeamCountry "SVK"]

{[%evp 9,68,32,23,32,20,42,17,21,26,30,21,13,16,15,15,18,13,13,23,7,26,8,25,32,16,25,0,-66,-70,-278,-283,-284,-264,-378,-351,-352,-335,-533,-536,-522,-513,-521,-514,-550,-543,-530,-522,-497,-502,-29985,-29983,-29988,-29989,-29988,-29989,-29989,-29967,-29997,-29998,-29998,-29999]} 1. d4 d5 2. c4 c6 3. Nc3 Nf6 4. e3 a6 5. Nf3 Bf5 6. Ne5 {D15: Slav Defence: 4 Nc3 a6 and gambit lines after 4 Nc3 dxc4.} Nbd7 7. Qb3 {[%cal Rc4d5]} Qc7 8. cxd5 {The position is equal.} Nxe5 9. dxe5 Nxd5 10. Bc4 e6 11. e4 $1 {[%cal Rc4d5]} Nxc3 12. exf5 Nd5 13. Bxd5 {[#]} exd5 $146 ({Predecessor:} 13... cxd5 14. O-O Bc5 15. Bf4 Qb6 16. Qg3 g6 17. f6 Rc8 18. Rfd1 h5 19. h4 Kd7 {0-1 (34) Ganguly,S (2658)-Fedoseev,V (2664) Khanty Mansiysk 2019}) 14. O-O g6 15. Bg5 gxf5 16. Bf6 Rg8 17. Qh3 Qc8 18. e6 ({White should try} 18. Qxh7 $11 Rg6 19. Qh4) 18... Rg6 $15 ({Avoid the trap} 18... Qxe6 $2 19. Rae1 $18) 19. Qxh7 $2 {This move loses the game for White.} (19. exf7+ $15 Kxf7 20. Bd4) 19... Rxf6 $19 20. exf7+ {[#]} Kd8 $1 ({And not} 20... Rxf7 21. Rae1+ Re7 22. Rxe7+ Bxe7 23. Re1 $16) 21. Rfe1 {[#]} (21. Rae1 {was the only chance.} Re6 22. Qg8) 21... Re6 $1 22. Kf1 {Strongly threatening Rxe6.} Kc7 23. h4 (23. Rxe6 {was called for.} Qxe6 24. Re1) 23... Rh6 24. Qg8 {Hoping for Re8.} Qd7 25. Re8 Rxe8 26. fxe8=Q Qxe8 27. Re1 Qd8 28. Qf7+ Kb6 29. Re8 (29. g3 $19 Rf6 30. Qe8) 29... Qxh4 {Black mates.} 30. Qxf8 Qc4+ {[%mdl 64] Double Attack} 31. Ke1 Rh1+ 32. Kd2 Qc1+ 33. Ke2 Qd1+ 34. Ke3 Re1+ {Weighted Error Value: White=0.53/Black=0.02} 0-1

[Event "Mitropa Online Cup Open 2021"]
[Site "Hybrid"]
[Date "2021.05.04"]
[Round "3.4"]
[White "Druska, Juraj"]
[Black "Sochacki, Christophe"]
[Result "0-1"]
[WhiteElo "2494"]
[BlackElo "2477"]
[Annotator "TA"]
[PlyCount "76"]
[EventDate "2021.05.04"]
[EventType "team-tourn"]
[EventCountry "NET"]
[SourceTitle "playchess.com"]
[Source "ChessBase"]
[SourceQuality "1"]
[WhiteTeam "Slovakia"]
[BlackTeam "France"]
[WhiteTeamCountry "SVK"]
[BlackTeamCountry "FRA"]

{[%evp 13,75,16,35,22,29,28,35,34,30,9,35,14,90,0,-19,-9,-8,-7,0,0,46,35,30,27,32,-3,-61,-42,-56,-325,-329,-320,-348,-310,156,-230,-216,-581,-577,-577,-572,-745,-767,-756,-755,-702,-743,-794,-793,-762,-755,-987,-997,-911,-734,-1184,-1147,-1249,-1170,-29989,-29990,-29998,-29999,-29999]} 1. e4 c5 2. Nf3 e6 3. d4 cxd4 4. Nxd4 Nc6 5. Nc3 Qc7 6. g3 a6 7. Bg2 h5 8. h3 {B47: Sicilian: Taimanov: 5 Nc3 Qc7 6 f4, 6 g3 and 6 Be2.} h4 $1 {8...h4 scores better than 8...Nf6.} 9. g4 b5 {[#]} 10. Nxc6 $146 {White is slightly better.} ({Predecessor:} 10. O-O Bb7 11. Be3 Ne5 12. Nde2 Nf6 13. f4 Nc4 14. Bc1 b4 15. Na4 Bxe4 16. b3 Bxg2 17. Kxg2 {0-1 (32) Marty,B (2063)-Pieri,P (2103) Balagna 2019}) 10... Qxc6 11. O-O {Hoping for e5.} Bb7 12. Re1 Qc7 {[#]} (12... Bc5 $11) 13. e5 ({White should try} 13. Nd5 $1 $16 exd5 (13... Qc6 14. Bf4) 14. exd5+ Kd8 15. d6 (15. Qe2 Qc4 $15)) 13... Bxg2 $11 14. Kxg2 Rc8 15. Qf3 Ne7 16. Ne4 {Threatens to win with Nd6+.} Nc6 (16... Qxe5 $2 17. Bf4 $18) (16... Ng6 {is more complex.} 17. Ng5 d5 18. exd6 Bxd6 19. Nxe6 fxe6 20. Rxe6+ Ne7) 17. Ng5 $1 d6 18. exd6 Bxd6 19. Nxe6 fxe6 20. Rxe6+ Be7 {And now ...Nd4 would win.} 21. Bg5 $2 {[%mdl 8192] [#]} (21. Qf5 $15 Rf8 22. Qh5+ Kd8 23. Be3) 21... Nd4 $1 $19 {[%csl LRc2,LRe6,LRf3][%mdl 64] Double Attack, Discovered Attack} 22. Rxe7+ Qxe7 23. Qd5 {[#]} Ne2 $2 (23... Rd8 $1 $19 {[%cal Rd8d5]} 24. Qxd8+ Kxd8 25. Bxe7+ Kxe7 26. Re1+ Kf6) 24. Re1 $2 {[#]} (24. Rd1 $16 {Rd4 is the strong threat.} Rf8 25. Rd4 (25. Bxe7 Nf4+ 26. Kf3 Nxd5+ $16) 25... Rxc2 26. Bxe7 Rxf2+ 27. Kxf2 Nc3+ 28. Rd2 Rxd2+ 29. Qxd2 Ne4+ 30. Ke2 Nxd2 31. Bxh4 (31. Kxd2 Kxe7 32. Kc3 Kd6 $11)) 24... Rf8 $1 {[%mdl 512]} 25. Qd3 $2 (25. Be3 {is tougher.} Rxc2 26. Rxe2 Rxe2 27. Qa8+ Qd8 28. Qe4+ Kf7 29. Qf3+ Kg8 30. Qxe2) 25... Nf4+ {[%mdl 64] Discovered Attack} 26. Bxf4 Qxe1 27. Be3 Qb4 28. Qg6+ Kd7 29. Qxg7+ Qe7 30. Qd4+ Qd6 31. Qg7+ Kc6 32. a4 Rc7 33. axb5+ axb5 34. Qc3+ Kb7 35. Qb3 Qc6+ 36. Kh2 Rf3 {Black mates.} 37. Qa3 {[#]} Rxh3+ $1 {[%mdl 576] Deflection} 38. Kxh3 Qh1# {Weighted Error Value: White=0.71/Black=0.30} 0-1

[Event "Mitropa Online Cup Open 2021"]
[Site "Hybrid"]
[Date "2021.05.04"]
[Round "3.4"]
[White "Travadon, Loic"]
[Black "Sahidi, Samir"]
[Result "1-0"]
[WhiteElo "2414"]
[BlackElo "2406"]
[Annotator "TA"]
[PlyCount "63"]
[EventDate "2021.05.04"]
[EventType "team-tourn"]
[EventCountry "NET"]
[SourceTitle "playchess.com"]
[Source "ChessBase"]
[SourceQuality "1"]
[WhiteTeam "France"]
[BlackTeam "Slovakia"]
[WhiteTeamCountry "FRA"]
[BlackTeamCountry "SVK"]

{[%evp 12,63,79,71,133,121,127,106,121,122,101,98,97,105,98,75,65,60,77,46,43,46,36,27,50,5,23,8,84,85,87,82,163,-14,-25,-12,185,195,395,384,882,883,858,858,775,761,29977,5397,29986,29983,29989,29990,29992,29993]} 1. e4 e5 2. Nf3 Nc6 3. Nc3 g6 4. d4 exd4 5. Nxd4 Bg7 6. Be3 Nge7 7. Qd2 h6 {7...d6 is setting a new trend. C46: 3 Nc3: Unusual Black 3rd moves.} (7... d5 $142) 8. O-O-O $16 d6 9. f4 {[#]} Be6 $146 {White is better.} ({Predecessor:} 9... Bg4 10. Re1 Bd7 11. h4 h5 12. Nf3 Bg4 13. Bc4 Qd7 14. Nd5 Bxf3 15. gxf3 Nxd5 16. exd5 {0-1 (41) Du Plessis,H (2120)-Dvirnyy,D (2448) Otranto 2011}) 10. Nxe6 fxe6 11. g3 Qd7 12. Bh3 O-O-O 13. Rhf1 Kb8 14. Bg1 Rhf8 15. Rf3 Nc8 16. Nd5 Qe8 17. Nb4 Nb6 18. Bf1 e5 19. Bxb6 axb6 (19... cxb6 $11 20. Nd5 exf4) 20. Bb5 $1 exf4 21. gxf4 g5 (21... Qxe4 $16 22. Bxc6 bxc6) 22. Bxc6 $2 ({Only move:} 22. Ra3 $1 $18) 22... bxc6 $11 23. Ra3 {Qd3 is the strong threat.} Rxf4 $2 {Black cannot hold the game after this.} (23... Kb7 $1 $11) 24. Qd3 $18 {Intending Qa6 and mate.} Kc8 $2 ({Weaker is} 24... Rxe4 25. Qa6 $1 Bxb2+ 26. Kxb2 Rxb4+ 27. Kc1 Qe3+ 28. Rxe3 Ra4 29. Qxa4) (24... b5) 25. Ra7 $1 {Strongly threatening Na6.} ({Not} 25. Ra8+ Kd7 $15) 25... g4 $2 (25... Qe6 26. Qa6+ Kd7 27. Qxb6 {[%mdl 64] Double Attack} Ke8 28. Rxc7 Bf6 29. Nxc6 Rc8 30. Rxc8+ Qxc8 31. Rxd6 Qh3) 26. Qa6+ Kd7 {[#]} 27. Rxc7+ $3 {[%mdl 512]} Ke6 28. Rxg7 Rxe4 {[#]} 29. Qb7 $1 Rc8 {[#]} (29... Rb8 30. Qc7) 30. Rh7 $1 {White mates.} Qf8 (30... Kf5 31. Rf1+) 31. Qd7+ Ke5 32. Re7+ {Weighted Error Value: White=0.14/Black=0.87} 1-0

[Event "Mitropa Online Cup Open 2021"]
[Site "Hybrid"]
[Date "2021.05.04"]
[Round "3.4"]
[White "Haring, Filip"]
[Black "Droin, Augustin"]
[Result "1-0"]
[WhiteElo "2376"]
[BlackElo "2292"]
[Annotator "TA"]
[PlyCount "131"]
[EventDate "2021.05.04"]
[EventType "team-tourn"]
[EventCountry "NET"]
[SourceTitle "playchess.com"]
[Source "ChessBase"]
[SourceQuality "1"]
[WhiteTeam "Slovakia"]
[BlackTeam "France"]
[WhiteTeamCountry "SVK"]
[BlackTeamCountry "FRA"]

{[%evp 18,131,-30,-32,27,16,25,23,36,26,33,37,36,18,44,39,71,7,45,46,50,37,56,56,62,58,58,46,46,47,50,55,55,49,46,44,59,33,39,37,35,22,64,47,114,107,98,91,98,102,110,64,162,0,93,0,152,135,248,131,120,122,242,117,117,125,284,127,115,114,140,141,140,141,134,62,62,62,62,56,56,56,56,56,56,53,74,74,79,79,136,136,241,246,431,431,408,376,438,429,402,387,667,598,567,545,5439,5439,12604,12218,29964,29964,1836,1374,12850,6481]} 1. Nf3 d5 2. g3 Bg4 3. Bg2 Nd7 4. O-O Ngf6 5. d3 e5 6. Nbd2 c6 7. e4 Bd6 8. Qe1 O-O 9. h3 Bh5 10. Nh4 Bg6 {A07: Réti Opening: New York and Capablanca Systems.} (10... a5 $15) 11. a4 Re8 12. Nb3 {[#]} dxe4 $146 {White has an edge.} ({Predecessor:} 12... Qc7 13. Nxg6 hxg6 14. a5 Nf8 15. Bg5 dxe4 16. dxe4 Ne6 17. Be3 c5 18. c3 Qc6 19. Qe2 {½-½ (52) Makarov,M (2521)-Bazeev,G (2348) St Petersburg 2010}) 13. dxe4 Nc5 14. Nxc5 Bxc5 15. b4 Bd6 16. a5 Qd7 17. Bg5 (17. Nxg6 $16 {Nh4 is the strong threat.} hxg6 18. Qc3) 17... Qe6 18. Nxg6 hxg6 19. Qc3 a6 20. Rfd1 Be7 {Threatening ...Nxe4.} 21. Be3 Red8 22. Re1 Ne8 23. Bf1 Nd6 24. Bb6 Rd7 25. Kg2 Bd8 26. Bc5 Bc7 27. Bxd6 Qxd6 28. Qb3 Rad8 29. Bc4 Bb8 30. Rad1 Qf6 ({Better is} 30... Qc7 $14 31. Rxd7 Rxd7) 31. Rxd7 $16 Rxd7 32. Re3 $1 {Black must now prevent Rf3.} Qd8 33. Rf3 {[%cal Rc4f7]} Qe8 34. Qe3 Qd8 (34... Kf8 $14) 35. Qb3 (35. h4 $18) 35... Qe8 $1 36. Qe3 (36. h4 $142) 36... Qd8 $1 37. h4 Kf8 (37... Bd6 $16) 38. Be6 ({White must play} 38. h5 $1 $18) 38... Rc7 39. Ba2 {aiming for h5!} Rd7 (39... Ke8 $16 {was worth a try.}) 40. Qb3 (40. h5 $1 $18 {[%cal Rh5g6]} g5 41. Rf5) 40... Qe8 41. g4 Re7 $2 (41... Qe7 $16) 42. g5 (42. Qe3 $1 $18 {[%cal Re3g5] is the precise move to win.}) 42... Qd7 43. Kg3 Ke8 44. Rd3 Qc8 45. c3 Bc7 46. Qc4 (46. Qd1 $16) 46... Qe6 $1 $14 47. Qxe6 fxe6 {[%mdl 4096] Endgame KRB-KRB} 48. Rf3 b6 49. axb6 Bxb6 50. Bb3 a5 51. Ba4 Rc7 52. Kg4 axb4 53. cxb4 Ke7 {[#]} ({Black should try} 53... Rf7) 54. h5 $1 $16 gxh5+ (54... Rc8 $16) 55. Kxh5 $18 Rc8 $2 (55... Kd6 {was called for.} 56. Kg6 Ra7) 56. Kg6 Rf8 57. Rc3 Bxf2 58. Rxc6 Rf4 59. Rc7+ Kd8 $2 (59... Kf8 60. Rxg7 Be1) 60. Rd7+ Kc8 {[#]} 61. Bc6 Be3 {If only Black now had time for ...Rg4....} 62. Kxg7 Rg4 63. g6 Rf4 64. b5 Rf3 65. Rf7 Rg3 66. Kf6 {[%mdl 64] Double Attack.  Weighted Error Value: White=0.19/Black=0.41} 1-0